[Event "4NCL 3 South pool C"]
[Site "Daventry, ENG"]
[Date "2019.05.06"]
[Round "11.14"]
[White "Hackett, Dave G"]
[Black "Frostick, Clive A"]
[Result "1/2-1/2"]
[WhiteElo "2073"]
[BlackElo "2121"]
[PlyCount "47"]
[EventDate "2019.05.06"]
[WhiteTeam "Check Innmates 1"]
[BlackTeam "CSC 1"]

1. e4 c5 2. Nc3 e6 3. g3 d5 4. d3 Nc6 5. Bg2 Nf6 6. f4 dxe4 7. Nxe4 Nxe4 8.
Bxe4 Qc7 9. Ne2 Be7 10. O-O Bd7 11. Be3 O-O 12. c3 Rad8 13. Qc2 g6 14. Rae1 b6
15. Bg2 Na5 16. g4 f5 17. h3 Bc6 18. Nc1 Bxg2 19. Qxg2 Qc6 20. Re2 Qxg2+ 21.
Kxg2 Kf7 22. Bf2 Bf6 23. Rfe1 Rfe8 24. Bg3 1/2-1/2

[Event "4NCL 3 South pool C"]
[Site "Daventry, ENG"]
[Date "2019.05.06"]
[Round "11.15"]
[White "Scrimgour, Alan"]
[Black "Parker, Francis"]
[Result "0-1"]
[WhiteElo "2087"]
[BlackElo "1998"]
[PlyCount "46"]
[EventDate "2019.05.06"]
[WhiteTeam "CSC 1"]
[BlackTeam "Check Innmates 1"]

1. e4 Nc6 2. d4 e5 3. dxe5 Nxe5 4. f4 Ng6 5. Nf3 Bc5 6. Nc3 Nf6 7. f5 Ne7 8. e5
Ng4 9. Ne4 Bb6 10. f6 d5 11. exd6 gxf6 12. dxe7 Qxe7 13. Qe2 Bf5 14. h3 Bxe4
15. hxg4 O-O-O 16. Nd2 Rhe8 17. Nc4 Qb4+ 18. c3 Qxc4 19. Qxc4 Bd3+ 20. Kd2
Bxc4+ 21. Kc2 Bd5 22. Bd3 Bxg2 23. Rxh7 Rxd3 0-1

[Event "4NCL 3 South pool C"]
[Site "Daventry, ENG"]
[Date "2019.05.06"]
[Round "11.16"]
[White "Richmond, Jane"]
[Black "Kalitsis, Nikolaos"]
[Result "1-0"]
[WhiteElo "2077"]
[BlackElo "2046"]
[PlyCount "87"]
[EventDate "2019.05.06"]
[WhiteTeam "Check Innmates 1"]
[BlackTeam "CSC 1"]

1. e4 e6 2. d4 d5 3. Nc3 Bb4 4. e5 c5 5. Bd2 cxd4 6. Nb5 Nc6 7. Nf3 Bc5 8. a3
Qb6 9. b4 d3 10. Bxd3 Bxf2+ 11. Kf1 Nh6 12. Qe2 Ng4 13. Nd6+ Ke7 14. h3 Ne3+
15. Kxf2 Nxc2+ 16. Be3 Qxe3+ 17. Qxe3 Nxe3 18. Kxe3 f6 19. Nxc8+ Raxc8 20.
exf6+ gxf6 21. Rac1 a6 22. Rc5 Kd6 23. Rhc1 Rcg8 24. Bxa6 Rxg2 25. Bxb7 Ne5 26.
Nxe5 Kxe5 27. Rc8 Rxc8 28. Rxc8 Rg3+ 29. Kd2 Rxa3 30. Kc2 Rxh3 31. b5 Rh4 32.
Kb3 f5 33. b6 Rh1 34. Rc6 f4 35. Bc8 Kd4 36. Rxe6 f3 37. Ba6 f2 38. Rf6 Ke5 39.
Rxf2 Rb1+ 40. Rb2 Rxb2+ 41. Kxb2 Kd6 42. Kc3 h5 43. Kd4 h4 44. Bb7 1-0

[Event "4NCL 3 South pool C"]
[Site "Daventry, ENG"]
[Date "2019.05.06"]
[Round "11.21"]
[White "Scott, David A"]
[Black "Kwiatkowski, Feliks J"]
[Result "0-1"]
[WhiteElo "2156"]
[BlackElo "2230"]
[PlyCount "58"]
[EventDate "2019.05.06"]
[WhiteTeam "Surbiton"]
[BlackTeam "Kings Head"]

1. d4 Nf6 2. c4 g6 3. f3 Nc6 4. d5 Ne5 5. e4 d6 6. Nc3 Bg7 7. f4 Ned7 8. Nh3 e6
9. Be2 exd5 10. cxd5 O-O 11. Nf2 Nc5 12. O-O c6 13. dxc6 bxc6 14. Kh1 d5 15. e5
Nfd7 16. b4 Ne6 17. b5 Bb7 18. bxc6 Bxc6 19. Nxd5 Nxe5 20. Ba3 Bxd5 21. Bxf8
Nxf4 22. Bxg7 Bxg2+ 23. Kg1 Qg5 24. Ng4 Bxf1 25. Kxf1 Kxg7 26. Nxe5 Qxe5 27.
Bf3 Rb8 28. Rc1 Rb2 29. a4 Qe3 0-1

[Event "4NCL 3 South pool C"]
[Site "Daventry, ENG"]
[Date "2019.05.06"]
[Round "11.22"]
[White "Okike, David"]
[Black "Tambini, Jasper"]
[Result "1-0"]
[WhiteElo "2168"]
[BlackElo "2066"]
[PlyCount "99"]
[EventDate "2019.05.06"]
[WhiteTeam "Kings Head"]
[BlackTeam "Surbiton"]

1. e4 e5 2. Nf3 Nc6 3. Bb5 a6 4. Ba4 Nf6 5. O-O Be7 6. Re1 b5 7. Bb3 d6 8. c3
O-O 9. d3 Na5 10. Bc2 c5 11. Nbd2 Qc7 12. Nf1 Bd7 13. Bd2 Nc6 14. Rc1 Rfe8 15.
Bb1 g6 16. h3 Bf8 17. Bg5 Bg7 18. Qd2 Nd8 19. d4 Ne6 20. Be3 Rad8 21. d5 Nf8
22. Bg5 Rb8 23. g4 Kh8 24. Ng3 Ng8 25. Kg2 h6 26. Be3 Nh7 27. Nh2 Qd8 28. Rf1
g5 29. Nf5 Bxf5 30. gxf5 Ngf6 31. Qe2 Kg8 32. Bc2 a5 33. Bd2 Re7 34. Rh1 Ne8
35. h4 f6 36. Qh5 Nf8 37. Ng4 Reb7 38. Rcg1 Rf7 39. Kf1 Rbb7 40. Ke2 Ra7 41. a4
b4 42. Be3 Nc7 43. cxb4 axb4 44. b3 Ra5 45. Nxh6+ Bxh6 46. hxg5 Bg7 47. gxf6
Rxf6 48. Qh8+ Kf7 49. Rxg7+ Ke8 50. Bg5 1-0

[Event "4NCL 3 South pool C"]
[Site "Daventry, ENG"]
[Date "2019.05.06"]
[Round "11.23"]
[White "Seymour, Timothy P"]
[Black "Tukpetov, Evgeny"]
[Result "0-1"]
[WhiteElo "2123"]
[BlackElo "2179"]
[PlyCount "72"]
[EventDate "2019.05.06"]
[WhiteTeam "Surbiton"]
[BlackTeam "Kings Head"]

1. d4 g6 2. Nf3 Bg7 3. c4 c5 4. e3 Nf6 5. d5 O-O 6. Be2 d6 7. Nc3 Na6 8. O-O
Rb8 9. h3 Nc7 10. e4 Bd7 11. Bf4 b5 12. e5 Nfe8 13. b3 bxc4 14. bxc4 Na6 15.
Qd2 Qa5 16. Rab1 Bf5 17. Rxb8 Nxb8 18. g4 Bc8 19. Bd3 Nd7 20. Re1 dxe5 21. Nxe5
Nd6 22. Ne4 Qxd2 23. Nxd2 Nxe5 24. Bxe5 Bxe5 25. Rxe5 Re8 26. Nb3 Ba6 27. Na5
Kf8 28. Re2 Rb8 29. Kf1 Rb4 30. Nc6 Rxc4 31. Rxe7 Rc1+ 32. Ke2 Rc2+ 33. Ke3 Rc3
34. Rxa7 Rxd3+ 35. Kf4 Bc4 36. a4 Bxd5 0-1

[Event "4NCL 3 South pool C"]
[Site "Daventry, ENG"]
[Date "2019.05.06"]
[Round "11.24"]
[White "Guthrie, David"]
[Black "Faulks, Nick"]
[Result "1-0"]
[WhiteElo "2131"]
[BlackElo "1925"]
[PlyCount "37"]
[EventDate "2019.05.06"]
[WhiteTeam "Kings Head"]
[BlackTeam "Surbiton"]

1. d4 Nf6 2. c4 c5 3. d5 e6 4. Nc3 exd5 5. cxd5 d6 6. Nf3 g6 7. Bf4 Bg7 8. Qa4+
Bd7 9. Qb3 Qc7 10. e4 O-O 11. Nd2 Re8 12. Be2 Na6 13. O-O Rac8 14. Rac1 c4 15.
Nxc4 Nc5 16. Qd1 Nfxe4 17. Nxe4 Nxe4 18. Nxd6 Qb8 19. Nxe8 1-0

[Event "4NCL 3 South pool C"]
[Site "Daventry, ENG"]
[Date "2019.05.06"]
[Round "11.25"]
[White "Way, Julian M"]
[Black "McMichael, Richard J"]
[Result "1/2-1/2"]
[WhiteElo "1973"]
[BlackElo "2177"]
[PlyCount "79"]
[EventDate "2019.05.06"]
[WhiteTeam "Surbiton"]
[BlackTeam "Kings Head"]

1. c4 f5 2. Nc3 Nf6 3. g3 e5 4. Bg2 d6 5. e3 Be7 6. Nge2 O-O 7. O-O c6 8. d4
Na6 9. b3 e4 10. Ba3 d5 11. Bxe7 Qxe7 12. a3 Be6 13. c5 Bf7 14. Qd2 Nc7 15. b4
g5 16. a4 Ne6 17. b5 Nh5 18. a5 a6 19. bxc6 bxc6 20. Rab1 Nc7 21. Rb6 Qd7 22.
Na2 Be8 23. f3 Nf6 24. Nb4 exf3 25. Bxf3 Qe6 26. Nc3 Ne4 27. Nxe4 fxe4 28. Be2
Rxf1+ 29. Bxf1 Bd7 30. Nxa6 Nxa6 31. Rxa6 Rf8 32. Rb6 Qf7 33. Qe1 h5 34. a6 Ra8
35. Rb7 Qe6 36. Qb4 Rf8 37. Rb8 Bc8 38. a7 Qf7 39. Qe1 Qxa7 40. Rb6 1/2-1/2

[Event "4NCL 3 South pool C"]
[Site "Daventry, ENG"]
[Date "2019.05.06"]
[Round "11.26"]
[White "Gilfillan, Andrew"]
[Black "Alcock, Graham P"]
[Result "1-0"]
[WhiteElo "2095"]
[BlackElo "1750"]
[PlyCount "55"]
[EventDate "2019.05.06"]
[WhiteTeam "Kings Head"]
[BlackTeam "Surbiton"]

1. e4 d5 2. exd5 Qxd5 3. Nc3 Qd6 4. d4 c6 5. Nf3 Bg4 6. Be2 Nf6 7. h3 Bh5 8. g4
Bg6 9. Ne5 Nbd7 10. Nxg6 hxg6 11. Be3 e6 12. Qd2 Nd5 13. Nxd5 Qxd5 14. f3 Nb6
15. b3 Be7 16. c4 Qd7 17. Kf1 Rh7 18. Kg2 g5 19. a4 Kf8 20. a5 Nc8 21. Bxg5
Bxg5 22. Qxg5 Qxd4 23. Rhd1 Qf6 24. Qxf6 gxf6 25. Rd8+ Kg7 26. Rad1 Rh8 27.
Rxh8 Kxh8 28. Rd7 1-0

[Event "4NCL 3 South pool C"]
[Site "Daventry, ENG"]
[Date "2019.05.06"]
[Round "11.31"]
[White "Moyse, Nigel John"]
[Black "Moloney, Nicholas R"]
[Result "0-1"]
[WhiteElo "2061"]
[BlackElo "2157"]
[PlyCount "100"]
[EventDate "2019.05.06"]
[WhiteTeam "Oxford 2"]
[BlackTeam "Fermented Sharks"]

1. d4 f5 2. c4 Nf6 3. g3 g6 4. Bg2 Bg7 5. Nc3 O-O 6. Nf3 d6 7. d5 Nbd7 8. O-O
Ne5 9. Nd2 c5 10. f4 Neg4 11. Nb3 Rb8 12. h3 Nh6 13. Kh2 Re8 14. a4 a6 15. Nd2
e5 16. dxe6 Bxe6 17. e4 fxe4 18. Ncxe4 Nxe4 19. Bxe4 d5 20. Bd3 Nf5 21. Re1
dxc4 22. Nxc4 Qd4 23. Qc2 Rbd8 24. Ra3 b5 25. axb5 axb5 26. Ne5 c4 27. Bf1 Bd5
28. Be3 Nxe3 29. Raxe3 Bxe5 30. Rxe5 Rxe5 31. Rxe5 Bc6 32. Re2 Bf3 33. Re5 Qd2+
34. Qxd2 Rxd2+ 35. Kg1 Rxb2 36. Rxb5 Rxb5 37. Bxc4+ Rd5 38. Bxd5+ Bxd5 39. g4
Kf7 40. Kf2 Kf6 41. Kg3 Be4 42. Kf2 Ke6 43. Kg3 Bd3 44. Kh4 Bf1 45. Kg3 Kd5 46.
h4 Ke4 47. h5 gxh5 48. gxh5 h6 49. Kh4 Be2 50. Kg3 Kf5 0-1

[Event "4NCL 3 South pool C"]
[Site "Daventry, ENG"]
[Date "2019.05.06"]
[Round "11.32"]
[White "Okhai, Shabir"]
[Black "Pozimski, Szymon"]
[Result "1/2-1/2"]
[WhiteElo "2073"]
[BlackElo "2010"]
[PlyCount "91"]
[EventDate "2019.05.06"]
[WhiteTeam "Fermented Sharks"]
[BlackTeam "Oxford 2"]

1. e4 d5 2. exd5 Qxd5 3. Nc3 Qd8 4. d4 Nf6 5. Bc4 a6 6. Nge2 b5 7. Bd3 Bb7 8.
f3 e6 9. Be3 Nbd7 10. a4 b4 11. Na2 Nd5 12. Bf2 c5 13. O-O Qc7 14. c4 bxc3 15.
Naxc3 Bd6 16. h3 c4 17. Bb1 O-O 18. Ne4 Be7 19. Qd2 Bb4 20. Qg5 Be7 21. Qd2 Bb4
22. Qc2 g6 23. Rc1 Rfc8 24. Ba2 N5b6 25. Bg3 Bxe4 26. Qxe4 Qc6 27. Qxc6 Rxc6
28. Bb1 a5 29. Nc3 Bxc3 30. bxc3 Nd5 31. Be1 Rb8 32. Ba2 N7b6 33. Bb1 Nc8 34.
Ba2 Ncb6 35. Bb1 Kf8 36. Bc2 Ne3 37. Bg3 Rbc8 38. Be4 Nbd5 39. Rab1 f5 40. Bxd5
Nxd5 41. Rb7 f4 42. Be1 R8c7 43. Rb8+ Rc8 44. Rb7 R8c7 45. Rb8+ Rc8 46. Rb7
1/2-1/2

[Event "4NCL 3 South pool C"]
[Site "Daventry, ENG"]
[Date "2019.05.06"]
[Round "11.33"]
[White "Rudny, Tomasz"]
[Black "Agnew, Alan"]
[Result "1-0"]
[WhiteElo "1900"]
[BlackElo "2086"]
[PlyCount "79"]
[EventDate "2019.05.06"]
[WhiteTeam "Oxford 2"]
[BlackTeam "Fermented Sharks"]

1. d4 Nf6 2. Bg5 d5 3. Bxf6 exf6 4. e3 Bd6 5. g3 O-O 6. Bg2 c6 7. Nd2 Be6 8.
Ne2 Nd7 9. O-O f5 10. b3 Nf6 11. c4 Ne4 12. c5 Bc7 13. b4 g5 14. a4 Qf6 15. f4
g4 16. Nxe4 fxe4 17. Qd2 Qf5 18. b5 h5 19. Rfb1 Bc8 20. a5 Bd8 21. a6 cxb5 22.
axb7 Bxb7 23. Rxb5 Bc6 24. Rb2 Kg7 25. Nc3 h4 26. Ra6 Rc8 27. Rxa7 Rh8 28. Nb5
Bxb5 29. Rxb5 hxg3 30. hxg3 Qh5 31. Rbb7 Qh2+ 32. Kf2 Rh3 33. Rxf7+ Kg8 34.
Rg7+ Kh8 35. Rxg4 Rb8 36. Qa2 Rxg3 37. Rh7+ Qxh7 38. Kxg3 Bf6 39. Qxd5 Qh6 40.
Bxe4 1-0

[Event "4NCL 3 South pool C"]
[Site "Daventry, ENG"]
[Date "2019.05.06"]
[Round "11.34"]
[White "George, Matthew P"]
[Black "Marlow, Mike W"]
[Result "1-0"]
[WhiteElo "2000"]
[BlackElo "1907"]
[PlyCount "69"]
[EventDate "2019.05.06"]
[WhiteTeam "Fermented Sharks"]
[BlackTeam "Oxford 2"]

1. Nf3 Nf6 2. e3 g6 3. d4 Bg7 4. Be2 O-O 5. O-O d6 6. c4 Nbd7 7. Nc3 e5 8. Qc2
c6 9. b4 b6 10. Bb2 a6 11. a4 Bb7 12. Rfd1 Qe7 13. a5 b5 14. dxe5 dxe5 15. c5
Nd5 16. Qb3 Rad8 17. Ne4 h6 18. Rd2 Kh7 19. Rad1 Bc8 20. Nd6 Nb8 21. Nxc8 Rxc8
22. g3 f5 23. Bf1 Nd7 24. Bg2 e4 25. Bxg7 Qxg7 26. Nd4 Ne5 27. Nxc6 Rxc6 28.
Qxd5 Rc7 29. Qe6 Rc6 30. Rd6 Rxd6 31. Rxd6 Rf7 32. Bf1 Nf3+ 33. Kg2 Ne1+ 34.
Kh1 Nf3 35. Qd5 1-0

[Event "4NCL 3 South pool C"]
[Site "Daventry, ENG"]
[Date "2019.05.06"]
[Round "11.35"]
[White "Wilson, Edgar"]
[Black "Millward, Kevin P"]
[Result "1/2-1/2"]
[WhiteElo "1922"]
[BlackElo "1960"]
[PlyCount "181"]
[EventDate "2019.05.06"]
[WhiteTeam "Oxford 2"]
[BlackTeam "Fermented Sharks"]

1. e4 d5 2. exd5 Qxd5 3. Nc3 Qd6 4. d4 Nf6 5. Nf3 c6 6. g3 Bg4 7. Bg2 e6 8. O-O
Be7 9. Re1 O-O 10. Bf4 Qd8 11. Qd2 Nbd7 12. Ne5 Nxe5 13. Bxe5 Bf5 14. Rad1 Re8
15. Re2 Bg4 16. f3 Bf5 17. Bxf6 Bxf6 18. Ne4 Be7 19. c3 Qb6 20. Kh1 a5 21. Qe3
Rad8 22. Red2 e5 23. Qf2 exd4 24. cxd4 Be6 25. b3 Bb4 26. Re2 h6 27. f4 Bg4 28.
Bf3 Bxf3+ 29. Qxf3 Re7 30. f5 Red7 31. f6 Rxd4 32. Rxd4 Rxd4 33. fxg7 Rd1+ 34.
Kg2 Qg1+ 35. Kh3 Qf1+ 36. Qxf1 Rxf1 37. Kg2 Rd1 38. Kf3 Kxg7 39. Kf4 Kg6 40. g4
Rd3 41. Nf2 Rd4+ 42. Ne4 Be7 43. Kf3 Rd3+ 44. Kg2 Rd7 45. Ng3 Bg5 46. Ne4 b6
47. Rf2 Rd4 48. Re2 Rd3 49. Rf2 Bh4 50. Rf5 Re3 51. Nd6 f6 52. Rf3 Re2+ 53. Kh3
Bg5 54. Nf5 Rxa2 55. Ne7+ Kf7 56. Nxc6 Ke6 57. Kg3 Ra3 58. h4 Bd2 59. h5 Bg5
60. Nd4+ Kd5 61. Nf5 Kc5 62. Rd3 b5 63. Kf2 a4 64. Nd4 Kb6 65. Ke2 Ra2+ 66. Kf3
a3 67. b4 Rh2 68. Ke4 a2 69. Ra3 Rf2 70. Nb3 Rf4+ 71. Kd5 Rxb4 72. Nc5 Bf4 73.
Rxa2 Bg3 74. Ra6+ Kc7 75. Rxf6 Rxg4 76. Rf7+ Kb6 77. Rf6+ Ka5 78. Rxh6 Rg5+ 79.
Kc6 b4 80. Rh8 b3 81. Nxb3+ Kb4 82. Nd2 Rf5 83. h6 Rh5 84. Ne4 Be5 85. Rh7 Kc4
86. Kd7 Kd5 87. Nf2 Bf4 88. Ng4 Rh4 89. Nf6+ Ke5 90. Rf7 Bxh6 91. Ne8 1/2-1/2

[Event "4NCL 3 South pool C"]
[Site "Daventry, ENG"]
[Date "2019.05.06"]
[Round "11.36"]
[White "Dydak, Mateusz"]
[Black "MacQueen, Stuart"]
[Result "1-0"]
[WhiteElo "1875"]
[BlackElo "1890"]
[PlyCount "93"]
[EventDate "2019.05.06"]
[WhiteTeam "Fermented Sharks"]
[BlackTeam "Oxford 2"]

1. f4 d5 2. Nf3 Bf5 3. e3 Nf6 4. Be2 g6 5. c4 c6 6. Qb3 Qb6 7. Qxb6 axb6 8. Nc3
Bg7 9. cxd5 cxd5 10. b3 Nc6 11. a3 Nb4 12. O-O Nd3 13. Nd4 Be4 14. Nxe4 dxe4
15. Bxd3 exd3 16. Nf3 Ne4 17. Rb1 O-O 18. a4 Rfc8 19. Ba3 e6 20. Bb4 Rc2 21.
Rfd1 b5 22. a5 Bf8 23. Bxf8 Kxf8 24. b4 Rac8 25. Kf1 Ra2 26. Ke1 Rcc2 27. Rb3
Rab2 28. Rxd3 Rxb4 29. Ra1 Ra4 30. Rb1 Nc5 31. Rd8+ Ke7 32. Ra8 b4 33. Nd4 b3
34. Ke2 Raa2 35. Nxb3 Nxb3 36. Rxb3 Rxd2+ 37. Kf3 Rdb2 38. Rxb2 Rxb2 39. Rb8
Ra2 40. Rxb7+ Kf6 41. Rb5 Ra4 42. g4 h6 43. h4 Kg7 44. h5 gxh5 45. Rxh5 f5 46.
gxf5 Rxa5 47. f6+ 1-0

[Event "4NCL 3 South pool C"]
[Site "Daventry, ENG"]
[Date "2019.05.06"]
[Round "11.41"]
[White "Brown, Thomas"]
[Black "Reynolds, D Ian W"]
[Result "1-0"]
[WhiteElo "2079"]
[BlackElo "2017"]
[PlyCount "83"]
[EventDate "2019.05.06"]
[WhiteTeam "Rhyfelwyr Essyllwg"]
[BlackTeam "Iceni 1"]

1. d4 Nf6 2. c4 e6 3. Nc3 Bb4 4. e3 c5 5. Nf3 O-O 6. Bd3 d5 7. cxd5 exd5 8. O-O
Nc6 9. dxc5 Bxc5 10. a3 a5 11. Qc2 Qe7 12. e4 dxe4 13. Nxe4 Nxe4 14. Bxe4 Nd4
15. Nxd4 Bxd4 16. Bxh7+ Kh8 17. Bd3 Bg4 18. Bd2 Qf6 19. Bc3 Bxc3 20. bxc3 Rac8
21. c4 Qd4 22. Rab1 Rfd8 23. Be2 Bxe2 24. Qxe2 b6 25. Rfd1 Qc5 26. Rxd8+ Rxd8
27. g3 Rc8 28. Qf3 Kg8 29. Rb5 Qxc4 30. Rxb6 a4 31. Rb4 Qc2 32. Qg4 f5 33. Qf3
Rc3 34. Qa8+ Kh7 35. Rxa4 Rc8 36. Rh4+ Kg6 37. Qf3 Rc3 38. Qh5+ Kf6 39. Rb4 Rc6
40. Qf3 Ra6 41. Rb3 Rd6 42. Qc3+ 1-0

[Event "4NCL 3 South pool C"]
[Site "Daventry, ENG"]
[Date "2019.05.06"]
[Round "11.42"]
[White "Calvert, D Ian"]
[Black "Hewitt, William"]
[Result "1/2-1/2"]
[WhiteElo "1921"]
[BlackElo "2018"]
[PlyCount "63"]
[EventDate "2019.05.06"]
[WhiteTeam "Iceni 1"]
[BlackTeam "Rhyfelwyr Essyllwg"]

1. b3 d5 2. Bb2 Bf5 3. Nf3 e6 4. c4 c6 5. g3 Nd7 6. Bg2 h6 7. O-O Ngf6 8. d3
Be7 9. Nbd2 O-O 10. Ne5 Nxe5 11. Bxe5 Nd7 12. Bc3 Bf6 13. Qc2 Re8 14. Qb2 Bxc3
15. Qxc3 Bg6 16. b4 Qe7 17. a4 Rec8 18. Rfc1 Nf6 19. a5 dxc4 20. dxc4 e5 21. a6
b6 22. Qb3 e4 23. Nf1 c5 24. b5 Rd8 25. Rd1 Rd4 26. e3 Rxd1 27. Rxd1 Bh5 28.
Rd2 Rd8 29. Rxd8+ Qxd8 30. Qc2 Bg6 31. Nd2 Qe7 32. h3 1/2-1/2

[Event "4NCL 3 South pool C"]
[Site "Daventry, ENG"]
[Date "2019.05.06"]
[Round "11.43"]
[White "Ralphs, Nigel"]
[Black "Hughes, Roy"]
[Result "1-0"]
[WhiteElo "1979"]
[BlackElo "1987"]
[PlyCount "93"]
[EventDate "2019.05.06"]
[WhiteTeam "Rhyfelwyr Essyllwg"]
[BlackTeam "Iceni 1"]

1. c4 c6 2. Nf3 d5 3. e3 Nf6 4. Nc3 a6 5. d4 Bf5 6. Bd3 Bxd3 7. Qxd3 e6 8. O-O
Nbd7 9. e4 dxe4 10. Nxe4 Nxe4 11. Qxe4 Nf6 12. Qe2 Be7 13. Bf4 O-O 14. Rfd1 Qa5
15. Qe5 Qb4 16. b3 Rfd8 17. Bd2 Qd6 18. Ba5 Re8 19. Rd3 Nd7 20. Qe2 Bf6 21.
Rad1 Rac8 22. Bc3 Qc7 23. Ne5 Nf8 24. Qh5 Bxe5 25. Qxe5 Ng6 26. Qe4 b6 27. g3
h6 28. Qg4 Qe7 29. h4 Nf8 30. Re3 f5 31. Qe2 Qf7 32. Re1 Red8 33. Bb4 c5 34.
dxc5 bxc5 35. Bc3 Rd7 36. Rd1 Rcd8 37. Red3 Rxd3 38. Rxd3 Rxd3 39. Qxd3 Qc7 40.
a3 Nd7 41. b4 Nb6 42. b5 axb5 43. cxb5 Nd5 44. a4 f4 45. a5 fxg3 46. Qxg3 Nf4
47. Qxg7+ 1-0

[Event "4NCL 3 South pool C"]
[Site "Daventry, ENG"]
[Date "2019.05.06"]
[Round "11.44"]
[White "Gibbs, Dominic V"]
[Black "Trevelyan, John"]
[Result "1-0"]
[WhiteElo "1946"]
[BlackElo "1989"]
[PlyCount "63"]
[EventDate "2019.05.06"]
[WhiteTeam "Iceni 1"]
[BlackTeam "Rhyfelwyr Essyllwg"]

1. e4 d6 2. Bc4 Nf6 3. d3 e5 4. Nf3 Be7 5. O-O O-O 6. c3 h6 7. h3 Nh7 8. Be3
Nd7 9. d4 Ng5 10. Nbd2 c6 11. a4 Bf6 12. a5 Qe7 13. Qc2 Ne6 14. Kh2 Nf4 15. g3
g5 16. gxf4 gxf4 17. Bxf4 exf4 18. e5 dxe5 19. Qg6+ Bg7 20. Rg1 Qf6 21. Qh5 Nc5
22. dxc5 Bf5 23. Qh4 Qxh4 24. Nxh4 Bh7 25. a6 bxa6 26. Rxa6 Rfd8 27. Nb3 e4 28.
Rxc6 Kf8 29. Rc7 Bg8 30. Nf5 Be5 31. Re7 Bf6 32. Rb7 1-0

[Event "4NCL 3 South pool C"]
[Site "Daventry, ENG"]
[Date "2019.05.06"]
[Round "11.45"]
[White "Jones, Derek"]
[Black "Ortiz Sanchez, Luis"]
[Result "1/2-1/2"]
[WhiteElo "1925"]
[BlackElo "1950"]
[PlyCount "103"]
[EventDate "2019.05.06"]
[WhiteTeam "Rhyfelwyr Essyllwg"]
[BlackTeam "Iceni 1"]

1. Nf3 f5 2. c4 Nf6 3. Nc3 e6 4. g3 b6 5. Bg2 Bb7 6. d4 Bb4 7. Qc2 Ne4 8. Bd2
Nxd2 9. Qxd2 O-O 10. O-O d6 11. a3 Bxc3 12. Qxc3 Nd7 13. Rfd1 Qe7 14. b4 a5 15.
Ne1 Bxg2 16. Kxg2 e5 17. dxe5 Qxe5 18. Qd2 Rfe8 19. Nf3 Qxe2 20. Qd5+ Qe6 21.
Qc6 Ne5 22. Nxe5 dxe5 23. Qxc7 Rac8 24. Qb7 Re7 25. Qa6 axb4 26. axb4 Rec7 27.
c5 Qc6+ 28. Kg1 bxc5 29. Qxc6 Rxc6 30. bxc5 Rxc5 31. Rd7 Rc1+ 32. Rxc1 Rxc1+
33. Kg2 e4 34. Rd5 g6 35. Rd7 Rc2 36. Kg1 Rc6 37. Ra7 Rf6 38. Re7 Rf7 39. Re8+
Kg7 40. f3 exf3 41. Kf2 Ra7 42. Kxf3 Ra3+ 43. Kg2 Ra2+ 44. Kg1 h6 45. Re6 Kf7
46. Rb6 Re2 47. Rb7+ Kf6 48. Rb6+ Kg5 49. h3 Ra2 50. Rc6 Kh5 51. Rc8 Kg5 52.
Rc6 1/2-1/2

[Event "4NCL 3 South pool C"]
[Site "Daventry, ENG"]
[Date "2019.04.14"]
[Round "8.11"]
[White "Martin, Lewis"]
[Black "Brown, Thomas"]
[Result "1-0"]
[WhiteElo "2196"]
[BlackElo "2076"]
[PlyCount "125"]
[EventDate "2019.04.14"]
[WhiteTeam "Check Innmates 1"]
[BlackTeam "Rhyfelwyr Essyllwg"]

1. e4 c5 2. Nf3 g6 3. d4 cxd4 4. Nxd4 Nc6 5. Nc3 Bg7 6. Be3 Nf6 7. Be2 O-O 8.
Nb3 d6 9. O-O Be6 10. f4 Rc8 11. Bf3 a6 12. h3 b5 13. Qd2 Na5 14. Nxa5 Qxa5 15.
a3 Rfd8 16. Rf2 b4 17. Nd1 Rc4 18. Qd3 d5 19. exd5 Bxd5 20. Bxd5 Qxd5 21. Qxd5
Nxd5 22. Rd2 Rd6 23. Kf2 Nxe3 24. Kxe3 Rxd2 25. Kxd2 Rxf4 26. axb4 Rxb4 27.
Rxa6 Bxb2 28. c3 Rb3 29. Ra2 Bxc3+ 30. Nxc3 Rb7 31. Kd3 Kg7 32. Nd5 h5 33. Rc2
Ra7 34. Ke4 Ra4+ 35. Kf3 e6 36. Ne3 Ra7 37. Rc4 Rb7 38. Ke4 Rd7 39. Rd4 Rb7 40.
Nc4 Ra7 41. Ke5 Ra2 42. Rd2 Ra4 43. Nb6 Ra5+ 44. Kd6 Rf5 45. Ke7 g5 46. Nc8 Kg6
47. Rd8 Rf2 48. g3 g4 49. Rg8+ Kh7 50. Rg5 gxh3 51. Rxh5+ Kg6 52. Rxh3 Rf3 53.
Nd6 f5 54. Nf7 Kg7 55. Ng5 Re3 56. Nxe6+ Kg6 57. Rh8 Ra3 58. Rg8+ Kh6 59. Kf6
Kh7 60. Rg5 f4 61. gxf4 Ra8 62. Rg7+ Kh8 63. Rd7 1-0

[Event "4NCL 3 South pool C"]
[Site "Daventry, ENG"]
[Date "2019.04.14"]
[Round "8.12"]
[White "Hewitt, William"]
[Black "Richmond, Peter"]
[Result "1-0"]
[WhiteElo "2028"]
[BlackElo "2075"]
[PlyCount "49"]
[EventDate "2019.04.14"]
[WhiteTeam "Rhyfelwyr Essyllwg"]
[BlackTeam "Check Innmates 1"]

1. e4 c6 2. d4 d5 3. exd5 cxd5 4. c4 Nf6 5. Nc3 Nc6 6. Nf3 g6 7. cxd5 Nxd5 8.
Qb3 Nxc3 9. Bc4 e6 10. bxc3 Bd7 11. Bd3 Qc7 12. O-O Rc8 13. Bg5 Bg7 14. Qa3 Qa5
15. Qb2 b6 16. Rac1 O-O 17. Rfe1 e5 18. Be3 exd4 19. cxd4 Be6 20. a3 Rfd8 21.
Bb5 Bd7 22. Bd2 Nxd4 23. Nxd4 Bxd4 24. Qxd4 Qxb5 25. Bh6 1-0

[Event "4NCL 3 South pool C"]
[Site "Daventry, ENG"]
[Date "2019.04.14"]
[Round "8.13"]
[White "Headlong, Timothy"]
[Black "Ralphs, Nigel"]
[Result "1-0"]
[WhiteElo "2127"]
[BlackElo "1979"]
[PlyCount "27"]
[EventDate "2019.04.14"]
[WhiteTeam "Check Innmates 1"]
[BlackTeam "Rhyfelwyr Essyllwg"]

1. Nf3 d5 2. c4 c6 3. d4 Nf6 4. Nc3 e6 5. e3 Nbd7 6. Qc2 Bd6 7. Be2 O-O 8. O-O
Qe7 9. e4 dxe4 10. Nxe4 Nxe4 11. Qxe4 f5 12. Qc2 b6 13. Re1 Bb7 14. c5 1-0

[Event "4NCL 3 South pool C"]
[Site "Daventry, ENG"]
[Date "2019.04.14"]
[Round "8.14"]
[White "Trevelyan, John"]
[Black "Hackett, Dave G"]
[Result "1-0"]
[WhiteElo "1989"]
[BlackElo "2073"]
[PlyCount "73"]
[EventDate "2019.04.14"]
[WhiteTeam "Rhyfelwyr Essyllwg"]
[BlackTeam "Check Innmates 1"]

1. d4 Nf6 2. c4 c5 3. e3 e6 4. Nc3 Be7 5. Nf3 d6 6. Bd3 Nc6 7. O-O e5 8. d5 Nb4
9. Bb1 Bg4 10. h3 Bh5 11. e4 O-O 12. Qe2 Qd7 13. Kh2 Rab8 14. Rg1 Bg6 15. g4
Rfe8 16. Nh4 Na6 17. Nf5 Nc7 18. a4 Qd8 19. h4 Bxf5 20. exf5 Nd7 21. g5 f6 22.
g6 hxg6 23. Rxg6 Bf8 24. Ne4 Re7 25. Nxd6 e4 26. Nxe4 Ne8 27. Bf4 Rc8 28. d6
Rf7 29. Ra3 Rc6 30. Rd3 Nb6 31. Qd1 Rd7 32. b4 Nc8 33. bxc5 b6 34. Rdg3 Rf7 35.
Qd5 Qd7 36. Rxf6 Ncxd6 37. cxd6 1-0

[Event "4NCL 3 South pool C"]
[Site "Daventry, ENG"]
[Date "2019.04.14"]
[Round "8.15"]
[White "Richmond, Jane"]
[Black "Van Kemenade, Rudy"]
[Result "1/2-1/2"]
[WhiteElo "2077"]
[BlackElo "1924"]
[PlyCount "66"]
[EventDate "2019.04.14"]
[WhiteTeam "Check Innmates 1"]
[BlackTeam "Rhyfelwyr Essyllwg"]

1. e4 e5 2. Nf3 Nf6 3. d4 Nxe4 4. dxe5 d5 5. Nbd2 Nc5 6. c3 Be7 7. b4 Ne6 8.
Nb3 O-O 9. Be2 f6 10. exf6 Bxf6 11. Nbd4 Nxd4 12. Nxd4 Nc6 13. Be3 Nxd4 14.
Bxd4 c6 15. O-O Bf5 16. Bf3 Bxd4 17. Qxd4 Qf6 18. Rfe1 Qxd4 19. cxd4 Rae8 20.
b5 Bd3 21. bxc6 bxc6 22. Bg4 Rxe1+ 23. Rxe1 Rf4 24. Bd7 Rxd4 25. Bxc6 Bc4 26.
f3 Bxa2 27. Ra1 Bc4 28. Rxa7 Rd1+ 29. Kf2 Rd2+ 30. Kg3 Bf1 31. Rd7 Rxg2+ 32.
Kf4 Bc4 33. h4 Rd2 1/2-1/2